00438nam a2200157Ia 4500003000400000008004100004040001600045082001700061100002400078245008300102260003500185300000800220650001200228650002100240650001900261GCL140319s9999 xx 000 0 eng d aGCL / cGCL04a793.319bB S1 aBUONAVENTURA, WENDY10aSERPENT OF THE NILE: WOMAN AND DANCE IN THE ARAB WORLD / cBUONAVENTURA, WENDY a[S.N] : bSAQI BOOKS ، c1994 a20704aDANCING04aNATIONAL DANCING04aORIENTAL DANCE